| 000 | 00816nam a2200265 4500 | ||
|---|---|---|---|
| 003 | OSt | ||
| 005 | 20260601193847.0 | ||
| 008 | 260506b2001 sp ||||| |||| 00| 0 spa d | ||
| 020 | _a8484504956 | ||
| 040 |
_aICI _bspa _cICI |
||
| 050 |
_aHF1418.5 _bE76 2001 |
||
| 100 | 1 |
_aEstefanía, Joaquín, _eautor _931596 |
|
| 245 | 1 |
_aLa Nueva economía : _bla globalización / _cJoaquin Estefania |
|
| 264 |
_aMadrid : _bDebate, _c2001 |
||
| 300 | _a250 páginas ; | ||
| 336 |
_atexto _2rdacontent |
||
| 337 |
_asin medio _2rdamedia |
||
| 338 |
_avolumen _2rdacarrier |
||
| 490 | 0 | _aDebolsillo | |
| 650 | _aIntegración económica internacional | ||
| 650 |
_aRelaciones económicas internacionales _931598 |
||
| 650 |
_aPolítica comercial _931599 |
||
| 650 |
_aistoria económica _ySiglo XX _931600 |
||
| 942 |
_2lcc _cB _n1 |
||
| 999 |
_c21680 _d21680 |
||